Rammstein Albums - Statistics

General Stats
  • This quiz has been taken 172 times
  • The average score is 7 of 7
Answer Stats
Hint Answer % Correct
2001 Mutter
98%
2004 REISE, REISE
98%
1995 Herzeleid
95%
2019 RAMMSTEIN
95%
2005 ROSENROT
93%
1997 Sehnsucht
93%
2009 LIEBE IST FUR ALLE DA
91%
No matching quizzes found
Score Distribution
Percent of People with Each Score
Percentile by Number Answered
Your Score History
You have not taken this quiz